ბათუმის შოთა რუსთაველის სახელმწიფო უნივერსიტეტის ბიბლიოთეკა

Теоретические основы химических процесов переработки нефти. (ბიბ.ჩანაწერი № 37094)

000 -LEADER
fixed length control field 00724nam a2200217Ia 4500
001 - CONTROL NUMBER
control field 3050
003 - CONTROL NUMBER IDENTIFIER
control field GE_BSU
008 - FIXED-LENGTH DATA ELEMENTS--GENERAL INFORMATION
fixed length control field 181216s||||||||xx |||||||||||||| ||und||
040 ## - CATALOGING SOURCE
Transcribing agency GE_BSU
080 ## - UNIVERSAL DECIMAL CLASSIFICATION NUMBER
Universal Decimal Classification number 665.(075.8)
100 ## - MAIN ENTRY--PERSONAL NAME
Personal name Магарил,Р.З.
245 ## - TITLE STATEMENT
Title Теоретические основы химических процесов переработки нефти.
245 ## - TITLE STATEMENT
Remainder of title Учебное пособие.
245 ## - TITLE STATEMENT
Statement of responsibility, etc. Ред. Л.Б.Мясникова.
260 ## - PUBLICATION, DISTRIBUTION, ETC.
Place of publication, distribution, etc. Л.
260 ## - PUBLICATION, DISTRIBUTION, ETC.
Name of publisher, distributor, etc. Химия.
260 ## - PUBLICATION, DISTRIBUTION, ETC.
Date of publication, distribution, etc. 1985.
300 ## - PHYSICAL DESCRIPTION
Extent 280 стр. с илл. 21см.
653 ## - INDEX TERM--UNCONTROLLED
Uncontrolled term Теоретические основы химических процесов переработки нефти.
942 ## - ADDED ENTRY ELEMENTS (KOHA)
Koha item type წიგნი
ეგზემპლარები
Withdrawn status Lost status Damaged status Not for loan Date acquired Barcode Date last seen Price effective from Koha item type
        2018-12-17 9496 2018-12-17 2018-12-17 წიგნი